000 00439nam a2200169Ia 4500
008 090711s9999 xx 000 0 und d
082 _b58797
100 _aकुसुमाग्रज
245 _aमेघदूत
260 _c1977
300 _a68
600 _aकुसुमाग्रज
630 _aमेघदूत
700 _aकुसुमाग्रज
730 _aमेघदूत
942 _cBOOK
999 _c291255
_d291255